| 000 | 01035nam a22002417a 4500 | ||
|---|---|---|---|
| 001 | 79991 | ||
| 003 | BD-RjUL | ||
| 005 | 20230619111237.0 | ||
| 008 | 220619s2010 bg a|||| m||| 00| 0 eng d | ||
| 035 | _a(BD-RjUL) 79991 | ||
| 040 |
_aBD-RjUL _beng _cBD-RjUL _dBD-RjUL |
||
| 041 | _aeng | ||
| 082 |
_223 _a632.9517 _bALE 2010 |
||
| 100 |
_aAli, Md. Lokman _93721 |
||
| 245 | 1 | 0 |
_aEnvironmental interaction of pesticides synergism of some insecticides by Piperonyl Butoxide (PBO) against stored grain product pest, Alphitobius diaperinus. / _cBy Md. Lokman Ali ; _6Supervisor : A. S. M. Shafiqur Rahman |
| 260 |
_aRajshahi : _bInstitute of Environmental Science (IES), University of Rajshahi, _c2010 |
||
| 300 |
_axvi, 156 leaves : _bill, ; _c29.cm. |
||
| 502 | _aThesis (Ph. D.) -- Institute of Environmental Science (IES), University of Rajshahi, 2010 | ||
| 504 | _aReferences |: Leaves 102 -136 | ||
| 650 |
_aDiseases _vPesticides _xEnvironmental _93722 |
||
| 700 |
_aRahman, A. S. M. Shafiqur, Supervisor _93723 |
||
| 942 |
_2ddc _cTHE |
||
| 999 |
_c79991 _d79991 |
||